|
|
|
|
| LEADER |
00000cam a2200000 7i4500 |
| 001 |
0000087267 |
| 005 |
20230125151840.0 |
| 008 |
220113 |
| 020 |
|
|
|a 9789678928618
|
| 041 |
0 |
|
|a Malay
|
| 090 |
0 |
0 |
|a 346.5950
|b MAL
|
| 110 |
0 |
|
|a Malaysia jurisdiction governed
|
| 245 |
1 |
0 |
|a Perlembagaan dan undang-undang am (panduan kepada calon-calon peperiksaan undang-undang kerajaan)
|
| 260 |
|
|
|a Selangor :
|b International Law Book Services ,
|c 2021
|
| 300 |
|
|
|a 926 p. :
|b ill. ;
|c 24.1 cm.
|
| 541 |
0 |
|
|c Purchased on 2021
|f 110308 WAE
|h RM65.00
|
| 650 |
|
0 |
|a ILBS
|
| 650 |
|
0 |
|a Law
|x Malaysia
|
| 650 |
|
0 |
|a Malaysia
|x Constitutional law
|
| 700 |
1 |
|
|a Title
|
| 999 |
|
|
|a 0001667484
|b Book
|c Adult Collection
|e Perbadanan Perpustakaan Awam Johor
|
| 999 |
|
|
|a 0001667485
|b Book
|c Adult Collection
|e Cawangan Urban Transformation Centre
|
| 999 |
|
|
|a 0001667486
|b Book
|c Adult Collection
|e Cawangan AEON Kulaijaya
|
| 999 |
|
|
|a 0001667956
|b Book
|c Adult Collection
|e Cawangan Batu Pahat
|
| 999 |
|
|
|a 0001667977
|b Book
|c Adult Collection
|e Cawangan Bandar Penawar
|
| 999 |
|
|
|a 0001667978
|b Book
|c Adult Collection
|e Cawangan Kota Tinggi
|
| 999 |
|
|
|a 0001667979
|b Book
|c Adult Collection
|e Cawangan Bandar Tenggara
|
| 999 |
|
|
|a 0001667980
|b Book
|c Adult Collection
|e Cawangan Tmn. Ungku Tun Aminah
|
| 999 |
|
|
|a 0001667981
|b Book
|c Adult Collection
|e Cawangan Segamat
|
| 999 |
|
|
|a 0001667982
|b Book
|c Adult Collection
|e Cawangan Pontian
|
| 999 |
|
|
|a 0001667983
|b Book
|c Adult Collection
|e Cawangan Bukit Gambir
|
| 999 |
|
|
|a 0001667984
|b Book
|c Adult Collection
|e Cawangan Sri Merlong
|
| 999 |
|
|
|a 0001667986
|b Book
|c Adult Collection
|e Cawangan Muar
|
| 999 |
|
|
|a 0001667987
|b Book
|c Adult Collection
|e Cawangan Batu Pahat
|
| 999 |
|
|
|a 0001667988
|b Book
|c Adult Collection
|e Cawangan Mersing
|
| 999 |
|
|
|a 0001667989
|b Book
|c Adult Collection
|e Cawangan Tangkak
|
| 999 |
|
|
|a 0001695599
|b Book
|c Acts
|e Cawangan Taman Sri Lambak
|